000
00296nam a2200133Ia 4500
100
_a
Brahmankar/D.B
942
_c
BK
654
_a
Engineering
245
_a
Text book of Engineering mechanics-statics
260
_b
Nandu Pub
_c
2003
082
_a
620.1
_b
BRA
300
_a
397
546
_a
ENGLISH
999
_c
21759
_d
21759